| Tag |
First Indicator |
Second Indicator |
Subfields |
| LEADER |
00000cam a22000001a 4500 |
| 001 |
in00002139488 |
| 006 |
m e d # |
| 007 |
cr mn mmmmabba |
| 008 |
850703s1773 deu s 000 0 eng d |
| 005 |
20260331143341.9 |
| 035 |
|
|
|z w020820
|
| 035 |
|
|
|a MAAR8507033507B
|
| 035 |
|
|
|9 mwa91-14764
|
| 035 |
|
|
|a 317220
|
| 035 |
|
|
|a aas03020820
|
| 040 |
|
|
|a MWA
|c MWA
|e bdrb
|d UtOrBLW
|
| 245 |
0 |
2 |
|a A Dialogue, spoken at opening the public grammar-school at Wilmington, on Tuesday, October 26. 1773.
|
| 264 |
|
3 |
|a [Wilmington, Del.] :
|b [Printed by James Adams],
|c [1773]
|
| 300 |
|
|
|a 1 sheet (1 unnumbered page) ;
|c 33 x 26 cm.
|
| 336 |
|
|
|a text
|b txt
|2 rdacontent
|
| 337 |
|
|
|a computer
|b c
|2 rdamedia
|
| 338 |
|
|
|a online resource
|b cr
|2 rdacarrier
|
| 500 |
|
|
|a Imprint supplied by Rink.
|
| 500 |
|
|
|a Text in two columns.
|
| 510 |
4 |
|
|a Evans
|c 12750
|
| 510 |
4 |
|
|a Rink, E. Delaware,
|c 73
|
| 530 |
|
|
|a Microform version available in the Readex Early American Imprints series.
|
| 533 |
|
|
|a Electronic text and image data.
|b [Chester, Vt. :
|c Readex, a division of Newsbank, Inc.,
|d 2002-2004.
|e Includes files in TIFF, GIF and PDF formats with inclusion of keyword searchable text.
|f (Early American imprints. First series ; no. 12750).
|
| 500 |
|
|
|a Electronic resource.
|
| 650 |
|
0 |
|a Public schools
|z Delaware
|z Wilmington.
|
| 650 |
|
0 |
|a Schools
|z Delaware
|z Wilmington.
|
| 655 |
|
7 |
|a Broadsides.
|2 rbgenr
|
| 655 |
|
7 |
|a Dialogues.
|2 rbgenr
|
| 752 |
|
|
|a United States
|b Delaware
|d Wilmington.
|
| 830 |
|
0 |
|a Early American imprints.
|n Series I,
|p Evans (1639-1800) ;
|v no. 12750.
|
| 856 |
4 |
1 |
|u http://proxy.library.tamu.edu/login?url=https://opac.newsbank.com/select/evans/12750
|y Evans Digital Edition
|t 0
|
| 999 |
|
|
|a MARS
|
| 999 |
f |
f |
|s bbba2eeb-0336-30a1-ad77-93f41b2a331d
|i 56535f2b-aa22-3a8c-9a85-c5719b046f91
|t 0
|
| 952 |
f |
f |
|a Texas A&M University
|b College Station
|c Electronic Resources
|s www_evans
|d Available Online
|t 0
|h No information provided
|
| 998 |
f |
f |
|t 0
|l Available Online
|